header

iPhone 5s and iPhone 5c portable genius / (Record no. 142929)

MARC details
000 -LEADER
fixed length control field 02153nam a22004211i 4500
001 - CONTROL NUMBER
control field ebr10804826
003 - CONTROL NUMBER IDENTIFIER
control field CaPaEBR
006 - FIXED-LENGTH DATA ELEMENTS--ADDITIONAL MATERIAL CHARACTERISTICS--GENERAL INFORMATION
fixed length control field m o d
007 - PHYSICAL DESCRIPTION FIXED FIELD--GENERAL INFORMATION
fixed length control field cr cn|||||||||
008 - FIXED-LENGTH DATA ELEMENTS--GENERAL INFORMATION
fixed length control field 130521t20142014inua o 001 0 eng d
020 ## - INTERNATIONAL STANDARD BOOK NUMBER
International Standard Book Number 9781118677438 (e-book)
Cancelled/invalid ISBN 9781118677797
040 ## - CATALOGING SOURCE
Original cataloging agency CaPaEBR
Language of cataloging eng
Description conventions rda
-- pn
Transcribing agency CaPaEBR
035 ## - SYSTEM CONTROL NUMBER
System control number (OCoLC)861081929
050 14 - LIBRARY OF CONGRESS CALL NUMBER
Classification number QA76.8.I64
Item number M34 2014eb
082 04 - DEWEY DECIMAL CLASSIFICATION NUMBER
Classification number 004.1675
Edition number 23
100 1# - MAIN ENTRY--PERSONAL NAME
Personal name McFedries, Paul.
245 10 - TITLE STATEMENT
Title iPhone 5s and iPhone 5c portable genius /
Statement of responsibility, etc by Paul McFedries.
246 14 - VARYING FORM OF TITLE
Title proper/short title iPhone 5s & iPhone 5c portable genius
264 #1 - PRODUCTION, PUBLICATION, DISTRIBUTION, MANUFACTURE, AND COPYRIGHT NOTICE
Place of production, publication, distribution, manufacture Indianapolis :
Name of producer, publisher, distributor, manufacturer John Wiley & Sons,
Date of production, publication, distribution, manufacture, or copyright notice [2014]
Date of production, publication, distribution, manufacture, or copyright notice �2014
300 ## - PHYSICAL DESCRIPTION
Extent 1 online resource (354 pages) :
Other physical details color illustrations.
336 ## - CONTENT TYPE
Content type term text
Source rdacontent
337 ## - MEDIA TYPE
Media type term computer
Source rdamedia
338 ## - CARRIER TYPE
Carrier type term online resource
Source rdacarrier
440 #0 - SERIES STATEMENT/ADDED ENTRY--TITLE
Title Portable genius
500 ## - GENERAL NOTE
General note Includes index.
505 0# - FORMATTED CONTENTS NOTE
Formatted contents note How do I start using my iPhone? -- How do I configure my iPhone? -- How do I connect my iPhone to a network? -- How can I get more out of the Phone App? -- How can I make the most of iPhone web surfing? -- How do I maximize iPhone e-mail? -- How do I synchronize my iPhone? -- How can I get more out of audio features on my iPhone? -- How do I max out my iPhone's photo and video features? -- Can I use my iPhone to manage contacts and appointments? -- How do I use my iPhone to navigate my world? -- How do I manage my e-book library? -- How do I keep my life in sync with iCloud? -- How do I fix my iPhone?.
588 ## - SOURCE OF DESCRIPTION NOTE
Source of description note Description based on online resource; title from PDF title page (ebrary, viewed December 12, 2013).
590 ## - LOCAL NOTE (RLIN)
Local note Electronic reproduction. Palo Alto, Calif. : ebrary, 2013. Available via World Wide Web. Access may be limited to ebrary affiliated libraries.
650 #0 - SUBJECT ADDED ENTRY--TOPICAL TERM
Topical term or geographic name as entry element iPhone (Smartphone)
Topical term or geographic name as entry element Smartphones.
Topical term or geographic name as entry element Pocket computers.
Topical term or geographic name as entry element Mobile computing.
655 #0 - INDEX TERM--GENRE/FORM
Genre/form data or focus term Electronic books.
797 2# - LOCAL ADDED ENTRY--CORPORATE NAME (RLIN)
Corporate name or jurisdiction name as entry element ebrary.
856 40 - ELECTRONIC LOCATION AND ACCESS
Uniform Resource Identifier <a href="http://site.ebrary.com/lib/rucke/Doc?id=10804826">http://site.ebrary.com/lib/rucke/Doc?id=10804826</a>
Public note An electronic book accessible through the World Wide Web; click to view

No items available.

© 2026 Rongo University
Contact us: librarian | system librarian | Rongo university